[Event "Dzhubga Rapid op"]
[Site "Dzhubga"]
[Date "2023.08.10"]
[Round "1"]
[White "Penskii, Ilyas"]
[Black "Demidov, Mikhail"]
[Result "0-1"]
[WhiteElo "1265"]
[BlackElo "2566"]
[PlyCount "70"]
[EventDate "2023.08.10"]
[EventType "swiss (rapid)"]
[EventRounds "11"]
[EventCountry "RUS"]
[SourceTitle "CBM 215 Extra"]
[Source "ChessBase"]
[SourceDate "2023.09.30"]
[SourceVersion "1"]
[SourceVersionDate "2023.09.30"]
[SourceQuality "1"]

1. e4 c6 2. d4 d5 3. f3 e6 4. c3 b6 5. e5 Ba6 6. Bxa6 Nxa6 7. f4 Qd7 8. Nf3 Ne7 9. 0-0 c5 10. Qe2 Nb8 11. Be3 Nf5 12. Bf2 h5 13. Nh4 Nxh4 14. Bxh4 Nc6 15. Rd1 Be7 16. Bxe7 Nxe7 17. Na3 Nf5 18. Rac1 Rc8 19. Nc2 g6 20. Ne3 Nxe3 21. Qxe3 Qb5 22. b3 0-0 23. Qf2 Qa5 24. dxc5 bxc5 25. f5 exf5 26. Rxd5 Rfe8 27. Qd2 Qc7 28. Re1 c4 29. b4 Rcd8 30. h3 Rxd5 31. Qxd5 Rd8 32. Qb5 Kh7 33. a4 Rd3 34. e6 fxe6 35. Qe8 Rxc3 0-1